Acta Iuridica Sladkoviciensia ... právnicke štúdie : [zborník Fakulty práva Janka Jesenského]
| Other Authors: | , |
|---|---|
| Format: | Serial |
| Language: | Slovak Russian Czech English |
| PhysicalDescription: | zv. 21 cm |
| Published: |
Sládkovičovo
Vysoká škola Visegrádu, Fakulta práva Janka Jesenského
2010-
Sládkovičovo Vysoká škola v Sládkovičove Sládkovičovo Vysoká škola Danubius |
| ISBN: | 9788089267422 (brož. : I/2010) 9788089267552 (brož. : II/2011) 9788089267842 (brož. : III/2012) 9788089267958 (brož. : IV/2013) 9788089267965 (brož. : V/2013) 9788081670091 (brož. : VI/2014) 9788081670114 (brož. : VIII/2014) 9788081670107 (brož. : VII/2014) 9788081670275 (brož. : IX/2015) 9788081670268 (brož. : X/2015) 9788081670404 (brož. : XI/2015) 9788081670596 (brož. : XII/2016) |
| Subjects: |
MARC
| LEADER | 00000cas a2200000 a 4500 | ||
|---|---|---|---|
| 001 | vtls010208449 | ||
| 003 | SK-MaSNL | ||
| 005 | 20260228160332.0 | ||
| 008 | 110202c20109999xo x| g 0 b0slo | ||
| 015 | |a SNBB2011/02-01188 (I/2010) |a SNBB2012/03-01098 (II/2011) |a SNBB2014-(III/2012, IV-V/2013, VI-VIII/2014) |a SNBB2015-(IX-X/2015) |a SNBB2016-(XI/2015) |a SNBB2017-(XII/2016) | ||
| 020 | |a 9788089267422 (brož. : I/2010) | ||
| 020 | |a 9788089267552 (brož. : II/2011) | ||
| 020 | |a 9788089267842 (brož. : III/2012) | ||
| 020 | |a 9788089267958 (brož. : IV/2013) | ||
| 020 | |a 9788089267965 (brož. : V/2013) | ||
| 020 | |a 9788081670091 (brož. : VI/2014) | ||
| 020 | |a 9788081670114 (brož. : VIII/2014) | ||
| 020 | |a 9788081670107 (brož. : VII/2014) | ||
| 020 | |a 9788081670275 (brož. : IX/2015) | ||
| 020 | |a 9788081670268 (brož. : X/2015) | ||
| 020 | |a 9788081670404 (brož. : XI/2015) | ||
| 020 | |a 9788081670596 (brož. : XII/2016) | ||
| 040 | |a SNK |b slo |c SNK |d SVKBB |e AACR2 | ||
| 041 | 0 | |a slo |a rus |a cze |a eng |b eng |b slo | |
| 043 | |a e-xo--- | ||
| 044 | |a xo |c SK | ||
| 072 | 7 | |a 34 |x Právo |2 konspekt | |
| 080 | |a 34 |2 2011 | ||
| 080 | |a (082) |2 2011 | ||
| 245 | 0 | 0 | |a Acta Iuridica Sladkoviciensia ... |b právnicke štúdie : [zborník Fakulty práva Janka Jesenského] |
| 246 | 1 | 0 | |a Právnické štúdie |
| 246 | 1 | 3 | |a AIS |
| 246 | 1 | 4 | |a Acta Iuridica Sladkoviciencia ... |
| 260 | |a Sládkovičovo |b Vysoká škola Visegrádu, Fakulta práva Janka Jesenského |c 2010- | ||
| 260 | 2 | |3 2012-2013 |a Sládkovičovo |b Vysoká škola v Sládkovičove | |
| 260 | 3 | |3 2014- |a Sládkovičovo |b Vysoká škola Danubius | |
| 300 | |a zv. |c 21 cm | ||
| 310 | |a Nepravidelne |b 2013- | ||
| 321 | |a 1x ročne |b 2010-2012 | ||
| 362 | 0 | |a I (2010)- | |
| 500 | |a Ďalší podnázov na obale od IV (2013)-XI (2015): zborník štúdií Fakulty práva Janka Jesenského | ||
| 500 | |a Súčasťou názvu je poradové číslo | ||
| 500 | |a Editor: I (2010)-V (2013), Miroslav Daniš ; VI (2014)-VIII (2014), Juraj Varga ; IX (2015)-XI (2015), Miroslav Daniš ; XII (2016), Juraj Varga | ||
| 500 | |a Zostavovateľ: II (2011)-III (2012), Miroslav Daniš | ||
| 504 | |a Bibliogr. odkazy ; pozn. | ||
| 546 | |a Čiast. text aj rus., čes., angl. ; res. angl. alebo slov. | ||
| 650 | 0 | 7 | |a právo |2 SNKPH |9 976 |
| 650 | 0 | 7 | |a Law |2 SNKPHeng |9 265417 |
| 655 | 7 | |a zborníky |2 SNKPH |9 70165 | |
| 655 | 7 | |a Papers of several authors |2 SNKPHeng |9 153738 | |
| 700 | 1 | |a Daniš, Miroslav, |d 1960- |4 edt |4 com |9 191806 | |
| 700 | 1 | |a Varga, Juraj |4 edt |9 266437 | |
| 710 | 2 | |a Vysoká škola Višegrádu v Sládkovičove. |b Fakulta práva Janka Jesenského |4 pbl |9 195439 | |
| 710 | 2 | |a Vysoká škola v Sládkovičove. |b Fakulta práva Janka Jesenského |4 pbl |9 178623 | |
| 710 | 2 | |a Vysoká škola Danubius v Sládkovičove. |b Fakulta práva Janka Jesenského |4 pbl |9 187882 | |
| 852 | |a Štátna vedecká knižnica v Banskej Bystrici | ||
| 910 | |a snk | ||
| 916 | |a 2010-2016 | ||
| 919 | |a 978-80-89267-42-2 | ||
| 919 | |a 978-80-89267-55-2 | ||
| 919 | |a 978-80-89267-84-2 | ||
| 919 | |a 978-80-89267-95-8 | ||
| 919 | |a 978-80-89267-96-5 | ||
| 919 | |a 978-80-8167-009-1 | ||
| 919 | |a 978-80-8167-010-7 | ||
| 919 | |a 978-80-8167-011-4 | ||
| 919 | |a 978-80-8167-027-5 | ||
| 919 | |a 978-80-8167-026-8 | ||
| 919 | |a 978-80-8167-040-4 | ||
| 919 | |a 978-80-8167-059-6 | ||
| 958 | |a NB | ||
| 999 | |c 2190 |d 4120 | ||
| 952 | |0 0 |1 0 |4 0 |7 0 |8 0 |a SNK |b SNK |d 2015-07-16 |f 1 |i snk2015/21978 |l 0 |o snkČSC 3470/10/2015 |p 17A1168503 |r 2026-02-21 19:35:14 |w 2026-02-21 |y PREZ | ||
| 952 | |0 0 |1 0 |4 0 |7 0 |8 0 |a SNK |b SNK |d 2015-07-16 |i snk2015/21979 |l 0 |o snkČSC 3470/10/2015 D1 |p 17A1168502 |r 2026-02-21 19:35:14 |w 2026-02-21 |y PREZ | ||
| 952 | |0 0 |1 0 |4 0 |7 0 |8 0 |a SNK |b SNK |d 2014-03-26 |i snk2014/7977 |l 0 |o snkČSC 3470/5/2013 D1 |p 17A1046044 |r 2026-02-21 19:43:44 |w 2026-02-21 |y PREZ | ||
| 952 | |0 0 |1 0 |4 0 |7 0 |8 0 |a SNK |b SNK |d 2011-02-23 |f 1 |i snk2011/4163 |l 0 |o snkČSC 3470/1/2010 |p 17A0672909 |r 2026-02-21 20:05:33 |w 2026-02-21 |y PREZ | ||
| 952 | |0 0 |1 0 |4 0 |7 0 |8 0 |a SNK |b SNK |d 2011-02-23 |i snk2011/4164 |l 0 |o snkČSC 3470/1/2010 D1 |p 17A0672910 |r 2026-02-21 20:05:34 |w 2026-02-21 |y PREZ | ||
| 952 | |0 0 |1 0 |4 0 |7 0 |8 0 |a SNK |b SNK |d 2013-03-05 |f 1 |i snk2013/5059 |l 0 |o snkČSC 3470/3/2012 |p 17A0867830 |r 2026-02-21 20:23:52 |w 2026-02-21 |y PREZ | ||
| 952 | |0 0 |1 0 |4 0 |7 0 |8 0 |a SNK |b SNK |d 2013-03-05 |i snk2013/5062 |l 0 |o snkČSC 3470/3/2012 D1 |p 17A0867831 |r 2026-02-21 20:23:52 |w 2026-02-21 |y PREZ | ||
| 952 | |0 0 |1 0 |4 0 |7 0 |8 0 |a SNK |b SNK |d 2012-09-13 |f 1 |i snk2012/17896 |l 0 |o snkČSC 3470/2/2011 |p 17A0866294 |r 2026-02-21 20:30:39 |w 2026-02-21 |y PREZ | ||
| 952 | |0 0 |1 0 |4 0 |7 0 |8 0 |a SNK |b SNK |d 2012-09-13 |i snk2012/17897 |l 0 |o snkČSC 3470/2/2011 D1 |p 17A0866295 |r 2026-02-21 20:30:39 |w 2026-02-21 |y PREZ | ||
| 952 | |0 0 |1 0 |4 0 |7 0 |8 0 |a SNK |b SNK |d 2014-12-18 |f 1 |i snk2014/28220 |l 0 |o snkČSC 3470/6/2014 |p 17A1095941 |r 2026-02-21 20:42:59 |w 2026-02-21 |y PREZ | ||
| 952 | |0 0 |1 0 |4 0 |7 0 |8 0 |a SNK |b SNK |d 2014-12-18 |f 1 |i snk2014/28222 |l 0 |o snkČSC 3470/7/2014 |p 17A1095942 |r 2026-02-21 20:42:59 |w 2026-02-21 |y PREZ | ||
| 952 | |0 0 |1 0 |4 0 |7 0 |8 0 |a SNK |b SNK |d 2014-12-18 |f 1 |i snk2014/28224 |l 0 |o snkČSC 3470/8/2014 |p 17A1095943 |r 2026-02-21 20:43:00 |w 2026-02-21 |y PREZ | ||
| 952 | |0 0 |1 0 |4 0 |7 0 |8 0 |a SNK |b SNK |d 2015-09-21 |f 1 |i snk2015/26747 |l 0 |o snkČSC 3470/9/2015 |p 17A1096056 |r 2026-02-21 20:43:56 |w 2026-02-21 |y PREZ | ||
| 952 | |0 0 |1 0 |4 0 |7 0 |8 0 |a SNK |b SNK |d 2015-09-21 |i snk2015/26748 |l 0 |o snkČSC 3470/9/2015 D1 |p 17A1096057 |r 2026-02-21 20:43:56 |w 2026-02-21 |y PREZ | ||
| 952 | |0 0 |1 0 |4 0 |7 0 |8 0 |a SNK |b SNK |d 2014-03-26 |f 1 |i snk2014/7974 |l 0 |o snkČSC 3470/4/2013 |p 17A1046041 |r 2026-02-21 20:51:09 |w 2026-02-21 |y PREZ | ||
| 952 | |0 0 |1 0 |4 0 |7 0 |8 0 |a SNK |b SNK |d 2014-03-26 |i snk2014/7975 |l 0 |o snkČSC 3470/4/2013 D1 |p 17A1046042 |r 2026-02-21 20:51:11 |w 2026-02-21 |y PREZ | ||
| 952 | |0 0 |1 0 |4 0 |7 0 |8 0 |a SNK |b SNK |d 2014-03-26 |f 1 |i snk2014/7976 |l 0 |o snkČSC 3470/5/2013 |p 17A1046043 |r 2026-02-21 20:51:11 |w 2026-02-21 |y PREZ | ||
| 952 | |0 0 |1 0 |4 0 |7 0 |8 0 |a SNK |b SNK |d 2017-09-28 |f 1 |i snk2017/21031 |l 0 |o snkČSC 3470/12/2016 |p 17A1264286 |r 2026-02-21 21:56:19 |w 2026-02-21 |y PREZ | ||
| 952 | |0 0 |1 0 |4 0 |7 0 |8 0 |a SNK |b SNK |d 2016-04-14 |f 1 |i snk2016/9626 |l 0 |o snkČSC 3470/11/2015 |p 17A1098770 |r 2026-02-21 22:09:36 |w 2026-02-21 |y PREZ | ||
| 952 | |0 0 |1 0 |4 0 |7 0 |8 0 |a SNK |b SNK |d 2016-04-14 |i snk2016/9627 |l 0 |o snkČSC 3470/11/2015 D1 |p 17A1098771 |r 2026-02-21 22:09:36 |w 2026-02-21 |y PREZ | ||


